[Event "Obro Nytaar op"]
[Site "Copenhagen"]
[Date "1996.??.??"]
[Round "6"]
[White "Petersen, Nils"]
[Black "Brinck Claussen, Bjorn"]
[Result "0-1"]
[WhiteElo "2135"]
[BlackElo "2395"]

1.c4 Nf6 2.Nc3 c5 3.Nf3 d5 4.cxd5 Nxd5 5.g3 Nc6 6.Bg2 Nc7 7.O-O e5 8.d3 Be7
9.Be3 O-O 10.Qd2 Ne6 11.Ne1 Ncd4 12.f4 exf4 13.gxf4 f5 14.Bf2 Qd7 15.e3 Nc6
16.Rd1 Bd6 17.Bg3 b6 18.e4 Bb7 19.Nc2 Ncd4 20.Ne3 Kh8 21.Ncd5 Nc7 22.Nxc7 Qxc7
23.e5 Be7 24.Nd5 Qd8 25.Nxe7 Qxe7 26.Bxb7 Qxb7 27.Qg2 Qd7 28.Rfe1 Ne6 29.h4 Rad8
30.Kh2 Qf7 31.b3 Rd4 32.Qf3 Rfd8 33.Re3 Qd7 34.Kg2 a5 35.Qe2 a4 36.Rf3 Qd5
37.Rb1 Rxf4 38.bxa4 Nd4  0-1

[Event "Politiken Cup"]
[Site "Copenhagen"]
[Date "1996.??.??"]
[Round "7"]
[White "Petursson, Margeir"]
[Black "Borbjerggaard, Lars"]
[Result "1-0"]
[WhiteElo "2585"]
[BlackElo "2185"]

1.c4 c5 2.Nf3 Nf6 3.Nc3 g6 4.d4 Bg7 5.e4 O-O 6.d5 d6 7.h3 e6 8.Bd3 exd5 9.cxd5 b5
10.O-O b4 11.Ne2 Re8 12.Ng3 Nfd7 13.Qc2 Ba6 14.Bxa6 Nxa6 15.Bg5 Bf6 16.Bxf6 Qxf6
17.Nd2 Nc7 18.Nc4 Nb5 19.f4 Qh4 20.Kh2 Nb6 21.Ne3 Qe7 22.Rae1 h5 23.Qf2 Qf6
24.e5 dxe5 25.f5 Nd6 26.fxg6 Qxf2 27.Rxf2 fxg6 28.Rf6 Rad8 29.Rxg6+ Kh7 30.Rg5 Nf7
31.Rf5 Nh6 32.Rxh5 Kg6 33.Rd1 c4 34.Rh4 Rc8 35.Rc1 Nf7 36.Ne4 Rcd8 37.Rf1  1-0

[Event "CZE-chT 9596"]
[Site "?"]
[Date "1996.??.??"]
[Round "3"]
[White "Pachman, Ludek"]
[Black "Smejkal, Jan"]
[Result "0-1"]
[WhiteElo "2325"]
[BlackElo "2510"]

1.Nf3 Nf6 2.c4 c5 3.Nc3 d5 4.cxd5 Nxd5 5.e4 Nb4 6.Bb5+ N8c6 7.d4 cxd4 8.a3 Bd7
9.axb4 dxc3 10.bxc3 g6 11.Be3 Bg7 12.Nd4 O-O 13.O-O Ne5 14.Be2 Qc7 15.Qb3 Rfc8
16.Rfc1 Nc4 17.Bxc4 Qxc4 18.Qxc4 Rxc4 19.f3 a6 20.Ne2 Kf8 21.Kf2 Ke8 22.Ra5 Rac8
23.Rc5 R8xc5 24.Bxc5 a5 25.Ra1 a4 26.Ra3 f5 27.exf5 Bxf5 28.f4 Re4 29.Be3 b5
30.g3 Be6 31.Nd4 Bxd4 32.Bxd4 Bc4 33.Be3 Kd7 34.Ra1 Kc6 35.Re1 a3 36.Bc1 Rxe1
37.Kxe1 a2 38.Bb2 Kd5  0-1

[Event "CZE-chT2a 9596"]
[Site "CZE"]
[Date "1996.??.??"]
[Round "?"]
[White "Pacovsky, Jiri"]
[Black "Krnavek, Lubomir"]
[Result "0-1"]
[WhiteElo "2285"]
[BlackElo "2275"]

1.c4 Nf6 2.Nc3 c5 3.Nf3 d5 4.cxd5 Nxd5 5.e4 Nb4 6.Bc4 Nd3+ 7.Ke2 Nf4+ 8.Kf1 Ne6
9.Ne5 Qd6 10.Qa4+ Nc6 11.Nxc6 bxc6 12.e5 Qd7 13.Ne4 a5 14.d3 g6 15.Be3 Bg7
16.f4 O-O 17.Kf2 g5 18.g3 gxf4 19.gxf4 Nd4 20.Rag1 Qh3 21.Rg3 Qh4 22.Bxd4 cxd4
23.Rg1 Kh8 24.Kf3 Bh6 25.Ng5 Bd7 26.Qa3 Rae8 27.Qc5 Qh5+ 28.Kf2 Bxg5 29.Rxg5 Qxh2+
30.Kf3 Qxb2 31.R5g2 Qb4 32.Qxd4 Bf5 33.Rg5 c5 34.Qe3 e6 35.Qe1 Qxe1 36.Rxe1 Rb8
37.Rg2 Rg8 38.Rxg8+ Kxg8 39.Ke3 Rb2 40.Rg1+ Kf8 41.Bb3 a4 42.Bxa4 Rxa2 43.Bb5 Rc2
44.Ra1 Bg4 45.d4 Rc3+ 46.Kd2 cxd4 47.Ra4 Rb3 48.Bd3 Rb2+ 49.Ke1 h5 50.Ra8+ Kg7
51.Ra7 h4 52.f5 Bxf5 53.Bxf5 exf5 54.e6 h3 55.e7 h2  0-1

[Event "CZE-chT2a 9596"]
[Site "CZE"]
[Date "1996.??.??"]
[Round "?"]
[White "Knizek, Jan"]
[Black "Chmelik, Jiri"]
[Result "1/2-1/2"]
[WhiteElo "2210"]
[BlackElo "2155"]

1.c4 c5 2.Nf3 Nf6 3.Nc3 g6 4.e4 d6 5.d4 cxd4 6.Nxd4 Bg7 7.Be2 O-O 8.Be3 Nc6
9.O-O Bd7 10.Rc1 Qa5 11.Nb3 Qd8 12.f3 Na5 13.Nxa5 Qxa5 14.Qd2 Be6 15.Nd5 Qd8
16.g4 b6 17.h4 Nd7 18.h5 Ne5 19.Kg2 Qd7 20.Rh1 f6 21.hxg6 hxg6 22.Bh6 Rf7
23.Kg3 Rc8 24.Ne3 Bxh6 25.Rxh6 Rg7 26.f4 Nf7 27.Rh2 Qc7 28.Nd5 Qd7 29.Kf2 Bxd5
30.Qxd5 Rc5 31.Qd2 Rh7 32.Rxh7 Kxh7 33.Qd3 Kg7 34.Rh1 Rc8 35.b3 Rh8 36.Rxh8 Kxh8  1/2-1/2

[Event "CZE-chT2c 9596"]
[Site "CZE"]
[Date "1996.??.??"]
[Round "1"]
[White "Mudrak, Josef"]
[Black "Knazovcik, Ladislav"]
[Result "1-0"]
[WhiteElo "2315"]
[BlackElo "2310"]

1.c4 Nf6 2.Nc3 c5 3.Nf3 e6 4.d4 cxd4 5.Nxd4 Nc6 6.g3 Qb6 7.Nb3 Ne5 8.Bg2 Nxc4
9.e4 Bb4 10.Qe2 Ne5 11.f4 Nc6 12.Be3 Qc7 13.Rc1 O-O 14.O-O Bxc3 15.Rxc3 d5
16.e5 Nd7 17.Qh5 Rd8 18.Nd4 Nf8 19.Nb5 Qa5 20.Nd6 Ng6 21.g4 Qxa2 22.Nxf7 Kxf7
23.f5 exf5 24.gxf5 Bxf5 25.Qxh7 Nce7 26.e6+ Kxe6 27.Rxf5 Rh8 28.Qxg7 Kxf5
29.Qf7+ Ke5 30.Bf4+ Nxf4 31.Re3+ Kd4 32.Qxf4+ Kc5 33.Rc3+ Kb5 34.Bf1+ Ka5
35.Rc5+  1-0

[Event "CZE-chT2c 9596"]
[Site "CZE"]
[Date "1996.??.??"]
[Round "2"]
[White "Firt, Stanislav"]
[Black "Zabystrzan, Pavel"]
[Result "1-0"]
[WhiteElo "2390"]
[BlackElo "2285"]

1.c4 Nf6 2.Nc3 c5 3.Nf3 g6 4.d4 Bg7 5.d5 O-O 6.e4 d6 7.h3 Nbd7 8.Be3 b5 9.cxb5 a6
10.a4 Qa5 11.Nd2 axb5 12.Bxb5 Ba6 13.O-O Rfb8 14.Ra3 Bxb5 15.axb5 Qd8 16.Qc2 Ne8
17.Rfa1 Rxa3 18.Rxa3 Nc7 19.Qd3 Bxc3 20.bxc3 Nxb5 21.Ra4 Qc7 22.f4 Na7 23.Nc4 Nb6
24.Ra6 Nxc4 25.Qxc4 Qb7 26.Kh2 Nb5 27.Ra2 Nc7 28.Bf2 Ne8 29.e5 Nc7 30.exd6 exd6
31.f5 Qxd5 32.Qxd5 Nxd5 33.c4 Nc3 34.Ra6 Ne4 35.Bg3 Rd8 36.f6 g5 37.h4 h6
38.h5 Rd7 39.Rc6 Rd8 40.Ra6 Kf8 41.Rc6 Ke8 42.Ra6 Nxg3 43.Kxg3 Kd7 44.Kf3 Ke6
45.Ke4 Rb8 46.Ra2 Rb1 47.Ra8 Rd1 48.Rh8 Kxf6 49.g4 Rd4+ 50.Kf3 Rf4+ 51.Kg3 Kg7
52.Rd8 Rf6 53.Rc8 Re6 54.Kf3 Kf6 55.Rh8 Ke5 56.Ke3 f5  1-0

[Event "Decin op"]
[Site "Decin"]
[Date "1996.??.??"]
[Round "4"]
[White "Shurygin, Sergey"]
[Black "Sergienko, Sergey"]
[Result "1/2-1/2"]
[WhiteElo "2390"]
[BlackElo "2425"]

1.c4 c5 2.Nf3 Nf6 3.Nc3 d5 4.cxd5 Nxd5 5.d4 cxd4 6.Qxd4 Nxc3 7.Qxd8+ Kxd8
8.bxc3 f6 9.e4 e5 10.Bc4 Bc5 11.Ke2 Nd7 12.Rd1 Ke7 13.Bb3 Nb6 14.Nxe5 Be6
15.Nd3 Bd6 16.Bf4 Ba3 17.Rab1 Rac8 18.Bxe6 Kxe6 19.Rb3 Bd6 20.Bxd6 Kxd6 21.Nf4+ Kc6
22.Rd4 Rhe8 23.Kf3 Nd7 24.Nd3 b6 25.Rb2 a5 26.a4 Rc7 27.Rb5 Nf8 28.Rc4+ Kb7
29.Rxc7+ Kxc7 30.c4 Ne6 31.Ke3 Kc6 32.c5 bxc5 33.Rxa5 Rb8 34.Ra6+ Kd7 35.Ra7+ Kd6
36.Ra6+ Kd7 37.Ra7+ Kd6 38.Kd2 c4 39.Ra6+ Kd7 40.Ra7+ Kd6 41.Ra6+ Kd7 42.Ne1 Rb3
43.Ra7+ Kd6 44.Ra6+ Kd7 45.Ra7+ Kd6 46.Ra6+  1/2-1/2

[Event "DEN-chT 9697"]
[Site "?"]
[Date "1996.??.??"]
[Round "1"]
[White "Hutters, Tomas"]
[Black "Fuglsang, Flemming"]
[Result "0-1"]
[WhiteElo "2425"]
[BlackElo "2285"]

1.c4 Nf6 2.Nc3 c5 3.Nf3 d5 4.cxd5 Nxd5 5.d4 g6 6.e4 Nxc3 7.bxc3 Bg7 8.Qa4+ Bd7
9.Qa3 cxd4 10.cxd4 Nc6 11.Be3 O-O 12.Rd1 Rc8 13.Be2 Qa5+ 14.Qxa5 Nxa5 15.Kd2 Be6
16.d5 Bc3+ 17.Kd3 Bd7 18.Bd4 f5 19.Bxc3 fxe4+ 20.Kd2 exf3 21.Bxa5 fxe2 22.Kxe2 Rf4
23.a3 b6 24.Bd2 Rg4 25.Rc1 Rf8 26.Be3 Bb5+ 27.Kd2 Rf5 28.Rc7 Rxd5+ 29.Kc3 Kf7
30.g3 Ra4 31.Kb2 Bc4 32.Ra1 g5 33.h4 h6 34.hxg5 hxg5  0-1

[Event "Asia-ch"]
[Site "Dubai"]
[Date "1996.??.??"]
[Round "?"]
[White "Ilinsky, Vladimir"]
[Black "Hamid, Mansour Kadi"]
[Result "1/2-1/2"]
[WhiteElo "2335"]
[BlackElo "2300"]

1.Nf3 Nf6 2.c4 c5 3.Nc3 e6 4.g3 b6 5.Bg2 Bb7 6.O-O Be7 7.b3 O-O 8.Bb2 a6
9.e3 d5 10.d3 Qc7 11.Rc1 dxc4 12.bxc4 Rd8 13.Qe2 Nc6 14.Ne1 Rd7 15.f4 b5
16.cxb5 axb5 17.Nxb5 Qb6 18.Na3 Na5 19.Bxb7 Rxb7 20.Rb1 Qa6 21.Ba1 c4 22.Bxf6 Bxf6
23.Rxb7 cxd3 24.Qxd3 Nxb7 25.Qxa6 Rxa6 26.Nec2 Nc5 27.Rb1 g6 28.Kg2 Ne4 29.Rb8+ Kg7
30.Rb7 Nc3 31.Kf3 Ra4 32.Rc7 h6 33.h3 g5 34.Rb7 Kg6 35.g4 gxf4 36.exf4 Nd5
37.f5+ exf5 38.gxf5+ Kxf5 39.Rd7  1/2-1/2

[Event "RUS-ch"]
[Site "Elista"]
[Date "1996.??.??"]
[Round "3"]
[White "Zvjaginsev, Vadim"]
[Black "Ulibin, Mikhail"]
[Result "1-0"]
[WhiteElo "2590"]
[BlackElo "2550"]

1.Nf3 Nf6 2.c4 c5 3.Nc3 e6 4.e4 Nc6 5.Be2 d5 6.cxd5 exd5 7.e5 Ng4 8.Bb5 d4
9.Bxc6+ bxc6 10.Na4 Ba6 11.d3 Qa5+ 12.Bd2 Qb5 13.O-O Qxd3 14.Re1 O-O-O 15.h3 Nh6
16.e6 fxe6 17.Ne5 Qb5 18.Bxh6 gxh6 19.Nf7 Rg8 20.Nxd8 Kxd8 21.Qf3 Be7 22.Rxe6 Bc8
23.Rxe7 Kxe7 24.Re1+ Be6 25.Qf5 Rg6 26.Nxc5 Qc4 27.b3  1-0

[Event "RUS-ch"]
[Site "Elista"]
[Date "1996.??.??"]
[Round "6"]
[White "Namgilov, Sogto"]
[Black "Ulibin, Mikhail"]
[Result "0-1"]
[WhiteElo "2495"]
[BlackElo "2550"]

1.Nf3 Nf6 2.c4 c5 3.Nc3 e6 4.g3 b6 5.Bg2 Bb7 6.O-O Be7 7.Re1 d6 8.e4 a6 9.d4 cxd4
10.Nxd4 Qc7 11.Be3 O-O 12.Rc1 Re8 13.b3 Bf8 14.g4 Nfd7 15.g5 Nc6 16.Nde2 Nc5
17.Ng3 Rad8 18.Bf1 Qb8 19.Qe2 Qa8 20.Bg2 Rc8 21.Red1 Red8 22.h4 g6 23.f4 Bg7
24.h5 Qb8 25.hxg6 hxg6 26.f5 d5 27.cxd5 Qxg3 28.dxc6 Bxc6 29.f6 Nxe4 30.Rxd8+ Rxd8
31.Qf3 Qxf3 32.Bxf3 Nxc3 33.Rxc3 Bxf3 34.Bxb6 Rd1+ 35.Kf2 Bxf6 36.Rc8+ Kh7
37.gxf6 Bd5 38.Be3 Ra1 39.Rc2 e5 40.Bc1 Be4 41.Rc7 Rxa2+ 42.Ke3 Bd5 43.Rc5 Bxb3
44.Rxe5 Rc2 45.Ba3 Rc6 46.Be7 Re6 47.Rxe6 Bxe6  0-1

[Event "RUS-ch"]
[Site "Elista"]
[Date "1996.??.??"]
[Round "8"]
[White "Dyachkov, Sergej"]
[Black "Notkin, Maksim"]
[Result "1/2-1/2"]
[WhiteElo "2515"]
[BlackElo "2520"]

1.Nf3 Nf6 2.c4 c5 3.Nc3 e6 4.g3 b6 5.Bg2 Bb7 6.O-O Be7 7.d4 cxd4 8.Qxd4 d6
9.b3 O-O 10.Rd1 Nbd7 11.e4 Qb8 12.Ba3 Nc5 13.e5 dxe5 14.Qxe5 Qc8 15.Qf4 h6
16.Ne5 a6 17.Bxc5 Bxc5 18.Na4 Bxg2 19.Nxc5 Qxc5 20.Kxg2 Rad8 21.g4 Qc7 22.Qe3 Rd6
23.h4 Rfd8 24.Rxd6 Rxd6 25.g5 hxg5 26.hxg5 Nd7 27.Rh1 Nxe5 28.Qxe5 Qc6+ 29.f3 Rd2+
30.Kg3 Qd6 31.Qxd6 Rxd6 32.Rh2 a5 33.Rc2 Rc6 34.Rd2 a4 35.Rd8+ Kh7 36.Rd7 Kg6
37.Rb7 axb3 38.axb3 f6 39.gxf6 gxf6 40.Kf4 Rd6 41.Ke4 e5 42.Rb8 Rd4+ 43.Ke3 Rd6
44.Ke4  1/2-1/2

[Event "RUS-ch"]
[Site "Elista"]
[Date "1996.??.??"]
[Round "8"]
[White "Shchekachev, Andrei"]
[Black "Ulibin, Mikhail"]
[Result "0-1"]
[WhiteElo "2560"]
[BlackElo "2550"]

1.c4 c5 2.Nf3 Nf6 3.Nc3 e6 4.g3 b6 5.Bg2 Bb7 6.d4 cxd4 7.Qxd4 Nc6 8.Qf4 Bb4
9.Bd2 O-O 10.O-O Rc8 11.Nb5 Bxd2 12.Qxd2 Na5 13.b3 Ne4 14.Qd4 a6 15.Nd6 Nxd6
16.Qxd6 Bc6 17.Rfd1 Nb7 18.Qd4 Qc7 19.Rac1 Rfd8 20.e4 d6 21.Qe3 Nc5 22.Nd4 Bb7
23.Ne2 h6 24.Nc3 Qc6 25.h4 Nd7 26.Qd4 Nf6 27.Na4 b5 28.Nb6 Rb8 29.a4 bxa4
30.bxa4 e5 31.Qb2 Qc5 32.a5 Bxe4 33.Bxe4 Nxe4 34.Rd5 Qc6 35.c5 Nxc5 36.Qd2 Qe8
37.Rd1 Ne6 38.Qe2 Nd4 39.Qxa6 Qc6 40.Qa7 Rb7 41.Qa6 Rdb8 42.R5xd4 exd4 43.Rxd4 Re7
44.Qf1 Rbe8 45.Qg2 Qc1+ 46.Kh2 Re2 47.Rf4 Qc5 48.Nd5 Qxa5 49.Qf3 Rxf2+ 50.Qxf2 Qxd5
51.Rd4 Qc5 52.Qd2 Qb5 53.Rd3 Qh5 54.Kh3 Re2 55.Qf4 Rh2+ 56.Kxh2 Qe2+ 57.Kh3 Qxd3
58.h5 Qd5 59.g4 Qe5 60.Qb4 d5 61.Qc5 Qe4 62.Qc6 Qf3+ 63.Kh2 Qxg4 64.Qxd5 Qh4+  0-1

[Event "RUS-ch"]
[Site "Elista"]
[Date "1996.??.??"]
[Round "9"]
[White "Namgilov, Sogto"]
[Black "Skvortsov, A."]
[Result "1/2-1/2"]
[WhiteElo "2495"]
[BlackElo "2350"]

1.Nf3 Nf6 2.c4 c5 3.Nc3 e6 4.g3 b6 5.Bg2 Bb7 6.O-O Be7 7.Re1 d5 8.cxd5 exd5
9.d4 O-O 10.dxc5 bxc5 11.Qb3 Qb6 12.Ne5 Rd8 13.Bg5 Na6 14.Nc4 dxc4 15.Qxb6 axb6
16.Bxb7 Ra7 17.Bg2 Nc7 18.Red1 Rxd1+ 19.Rxd1 b5 20.a4 bxa4 21.Ra1 Ne6 22.Bf4 Nxf4
23.gxf4 Nd7 24.Rxa4 Rxa4 25.Nxa4 Bd8 26.Bd5 Nb6 27.Nxb6 Bxb6 28.Bxc4 Bc7
29.e3 h6 30.h4 Bd8 31.h5 Bf6 32.b3 Bh4 33.Kf1 Kf8 34.e4 Bd8 35.Ke2 Bc7 36.Kf3 Ke7
37.Kg4 Ba5 38.Kf5 Bc3 39.e5 Bd4 40.f3 Be3 41.Ke4 Bc1 42.f5 f6 43.f4 Bd2 44.Bd3 Bc1  1/2-1/2

[Event "RUS-ch"]
[Site "Elista"]
[Date "1996.??.??"]
[Round "10"]
[White "Kharlov, Andrei"]
[Black "Ulibin, Mikhail"]
[Result "1/2-1/2"]
[WhiteElo "2605"]
[BlackElo "2550"]

1.c4 c5 2.Nc3 Nf6 3.Nf3 e6 4.e3 d5 5.d4 Nc6 6.cxd5 exd5 7.Bb5 Bd6 8.O-O O-O
9.h3 a6 10.Bxc6 bxc6 11.dxc5 Bxc5 12.b3 Re8 13.Bb2 Qd6 14.Na4 Ba7 15.Bd4 Ne4
16.Bxa7 Rxa7 17.Nd2 Nxd2 18.Qxd2 Qg6 19.Kh2 Qd6+ 20.Kh1 Qh6 21.Kh2 Qd6+ 22.Kh1  1/2-1/2

[Event "BCF-chT 96/97"]
[Site "England"]
[Date "1996.??.??"]
[Round "?"]
[White "Cobb, James"]
[Black "O'Shaughnessy, Conor"]
[Result "0-1"]
[WhiteElo "2320"]
[BlackElo "2220"]

1.Nf3 Nf6 2.c4 c5 3.Nc3 e6 4.g3 b6 5.Bg2 Bb7 6.O-O Be7 7.b3 a6 8.Bb2 O-O
9.d4 cxd4 10.Qxd4 d6 11.Rfd1 Nbd7 12.e4 Qc7 13.Ba3 Nc5 14.e5 dxe5 15.Qxe5 Qc8
16.Bb2 Bc6 17.Qf4 Rd8 18.Rxd8+ Bxd8 19.Rd1 Bc7 20.Qe3 Qe8 21.b4 Ncd7 22.b5 axb5
23.cxb5 Bb7 24.Nd4 Bxg2 25.Kxg2 Ne5 26.Qe2 Nfd7 27.f4 Ng6 28.Nc6 Bxf4 29.Qd3 Nc5
30.Qd4 e5 31.Qc4 Bg5 32.h4 Bf6 33.Nd5 Qe6 34.a3 h5 35.Nxb6 Qxc4 36.Nxc4 Ra4
37.Nb6 Rg4 38.Kh2 Ne4 39.Rd3 Bxh4 40.gxh4 Nf4 41.Rf3 Rg2+ 42.Kh1 Rxb2 43.Nxe5 Rxb5
44.Nbd7 Rb1+ 45.Kh2 Rb2+ 46.Kh1 f6 47.Nc4 Ra2 48.Ndb6 g5 49.hxg5 fxg5 50.Kg1 h4
51.Na4 h3 52.Nab2 Ra1+ 53.Kh2 Rc1 54.Ne3 Re1 55.Nbd1 Re2+ 56.Kh1 Ra2 57.Ng4 Ra1
58.Ne3 Kh7  0-1

[Event "FIN-chT 9697"]
[Site "FIN"]
[Date "1996.??.??"]
[Round "2.3"]
[White "Hakulinen, Esko Matti"]
[Black "Binham, Timothy F"]
[Result "1/2-1/2"]
[WhiteElo "2340"]
[BlackElo "2330"]

1.Nf3 Nf6 2.c4 c5 3.Nc3 e6 4.e3 d5 5.d4 a6 6.cxd5 exd5 7.Be2 Nc6 8.O-O cxd4
9.Nxd4 Bd6 10.Nf3 O-O 11.b3 Re8 12.Bb2 Bc7 13.Qd3 Qd6 14.Rfd1 Be6 15.Rac1 Rad8
16.g3 h6 17.Nd4 Ne5 18.Qc2 Bb8 19.Nxe6 Qxe6 20.Kg2 Neg4 21.Bxg4 Nxg4 22.h3 Nf6
23.Qd3 Ba7 24.Ne2 Ne4 25.Bd4 Bb8 26.Ng1 Qf5 27.Qe2 Re6 28.Qf3 Qg5 29.Ne2 Rc6
30.Rxc6 bxc6 31.Qg4 Qxg4 32.hxg4 Bd6 33.f3 Ng5 34.Rc1 Rc8 35.Nc3 Re8 36.Na4 Ne6
37.Rxc6 Nxd4 38.exd4 Re2+ 39.Kh3 Bb4 40.Nc5 a5 41.a4 Rd2 42.Rc8+ Kh7 43.Na6 Rxd4
44.Nxb4 Rxb4 45.Rc5 Rxb3 46.f4 Ra3 47.Rxa5 d4 48.Kg2 d3 49.Rd5 Rxa4 50.Rxd3  1/2-1/2

[Event "FIN-chT 9697 Division-A"]
[Site "FIN"]
[Date "1996.??.??"]
[Round "3.4"]
[White "Kiviaho, Allan"]
[Black "Sund, Jan"]
[Result "0-1"]
[WhiteElo "2245"]
[BlackElo "2045"]

1.Nf3 c5 2.c4 Nf6 3.Nc3 d5 4.cxd5 Nxd5 5.e4 Nb4 6.d4 cxd4 7.Nb5 d3 8.Na3 Bg4
9.Qa4+ N8c6 10.Be3 Bxf3 11.gxf3 e6 12.Bg2 d2+ 13.Kd1 Nd3 14.Qb3 Ncb4 15.Bxd2 Nxf2+
16.Ke2 Nfd3 17.Be3 Qa5 18.Rhd1 Rd8 19.Kf1 Bc5 20.Bxc5 Qxc5 21.Rd2 O-O 22.Rad1 Nc1
23.Qc3 Qxc3 24.bxc3 Rxd2 25.Rxd2 Nbxa2 26.Rd7 Nxc3 27.Rxb7 Ra8 28.Ke1 a5
29.Kd2 N1a2 30.Bf1 Rd8+ 31.Kc2 Nd1 32.Kb3 Nb4 33.Nc4 Nf2 34.Nxa5 Nbd3 35.Nc6 Nc5+
36.Kc4 Nxb7 37.Nxd8 Nxd8 38.Kc3 g5 39.Kd2 g4 40.Ke2 Nh3 41.fxg4 Nf4+ 42.Kf3 e5
43.g5 Kg7 44.Bb5 Nde6 45.Kg4 Nd4 46.Bd7 Nd3 47.Bf5 Nf2+ 48.Kg3 Nxf5+ 49.exf5 Ne4+
50.Kg4 h6 51.h4 hxg5 52.hxg5 f6 53.g6 Nd6  0-1

[Event "FIN-chT 9697 Division-A"]
[Site "FIN"]
[Date "1996.??.??"]
[Round "4.3"]
[White "Kiviaho, Allan"]
[Black "Rantala, Jyrki"]
[Result "1/2-1/2"]
[WhiteElo "2245"]
[BlackElo "2165"]

1.Nf3 Nf6 2.c4 e6 3.Nc3 c5 4.g3 b6 5.Bg2 Bb7 6.O-O Be7 7.d4 cxd4 8.Qxd4 O-O
9.Rd1 Nc6 10.Qf4 d6 11.e4 Qb8 12.b3 a6 13.Bb2 Ra7 14.Rd2 Ba8 15.Ne2 Rd7 16.Rad1 Rfd8
17.h3 b5 18.cxb5 axb5 19.g4 d5 20.Ne5 Nxe5 21.Bxe5 Qb7 22.Bxf6 Bxf6 23.exd5 exd5
24.g5 Be7 25.Nc3 Qb8 26.Qxb8 Rxb8 27.Nxd5 Bxd5 28.Rxd5 Rxd5 29.Rxd5 b4 30.Be4 Rd8
31.Rb5 h6 32.gxh6 gxh6 33.Bd5 Rc8 34.Bc4 Ra8 35.Rf5 Rf8 36.Kg2 Kg7 37.Kf3 Bf6
38.Rb5 Be7 39.Rb7 Kf6 40.Rb6+ Kg7 41.Ke4 Ra8 42.Ra6 Rxa6 43.Bxa6 Kg6 44.Bc8 Bc5
45.f4 Bd6 46.Bg4 Kf6 47.h4 Kg6 48.h5+ Kf6 49.Be2 Ke6 50.Bc4+ Kf6 51.Bd3 Ke6
52.Bc4+ Kf6 53.Bd5 Bc5 54.Kd3 Bd6 55.Kc4 Kf5 56.Bxf7 Kxf4 57.Kd5 Bf8 58.Ke6 Ke3
59.Bg6 Kd4 60.Kf7 Bd6  1/2-1/2

[Event "FIN-chT 9596"]
[Site "FIN"]
[Date "1996.??.??"]
[Round "10"]
[White "Lassila, Erkki"]
[Black "Lehtivaara, Petri"]
[Result "0-1"]
[WhiteElo "2190"]
[BlackElo "2330"]

1.Nf3 Nf6 2.c4 e6 3.Nc3 c5 4.d4 cxd4 5.Nxd4 Be7 6.g3 O-O 7.Bg2 a6 8.O-O Qc7
9.Qd3 Nc6 10.Nxc6 bxc6 11.e4 Bb7 12.Bf4 e5 13.Be3 d6 14.Rad1 Nd7 15.Na4 Rad8
16.Rd2 Qb8 17.Rfd1 Nf6 18.Qe2 Bc8 19.h3 Rfe8 20.Kh2 h6 21.b3 Be6 22.Bb6 Rd7
23.c5 dxc5 24.Qxa6 Rxd2 25.Rxd2 Nd7 26.Bf1 Qa8 27.Bc7 Nf6 28.Nc3 Nd7 29.Bd6 Bg5
30.Qxa8 Rxa8 31.f4 exf4 32.gxf4 Bf6 33.e5 Bh4 34.Ne4 Ra5 35.Bc7 Ra3 36.Bd6 Ra5
37.Bc7 Ra3 38.Rc2 Bf5 39.Bg2 Nf8 40.Bd6 Ne6 41.Rd2 Nxf4 42.Bf3 Be1 43.Rb2 Nd3
44.Re2 Bb4 45.Ng3 Bd7 46.Nh5 Be6 47.Rg2 g6 48.Be4 Ne1 49.Nf6+ Kg7 50.Re2 Bd5
51.Nxd5 cxd5 52.Bxd5 Nd3 53.Kg3 g5 54.Bc4 Nc1 55.Rf2 Be1  0-1

[Event "FRA-ch"]
[Site "France"]
[Date "1996.??.??"]
[Round "14"]
[White "Adrian, Claude"]
[Black "Lepelletier, Benoit"]
[Result "1/2-1/2"]
[WhiteElo "2330"]
[BlackElo "2460"]

1.Nf3 Nf6 2.c4 c5 3.Nc3 e6 4.d4 cxd4 5.Nxd4 Bb4 6.g3 O-O 7.Bg2 d5 8.Nc2 Bxc3+
9.bxc3 Qc7 10.Ne3 dxc4 11.Rb1 Rd8 12.Qa4 Nc6 13.Nxc4 Nd5 14.Qa3 Nce7 15.Qb3 b5
16.Ne3 Bb7 17.O-O Nxc3 18.Rb2 Bxg2 19.Nxg2 Rac8 20.Bg5 h6 21.Bxe7 Qxe7 22.Rc2 b4
23.a3 a5 24.axb4 Qxb4 25.Qxb4 axb4 26.Nf4 b3 27.Rb2 Rb8 28.Ra1 Nd1 29.Rbb1 Nc3
30.Rb2 Nd1 31.Rbb1 Nc3 32.Rb2  1/2-1/2

[Event "GER-chT Seniors"]
[Site "Freudenstadt"]
[Date "1996.??.??"]
[Round "4"]
[White "Schmidt, Wolfgang2"]
[Black "Rosen, Willy"]
[Result "1/2-1/2"]
[WhiteElo "2025"]
[BlackElo "2270"]

1.Nf3 Nf6 2.c4 c5 3.Nc3 e6 4.e3 d6 5.Be2 Be7 6.O-O O-O 7.d4 Nbd7 8.Qc2 b6
9.b3 Bb7 10.Bb2 Rc8 11.Rad1 a6 12.Qb1 Rc7 13.Rfe1 Qa8 14.Qa1 h6 15.d5 e5
16.Nd2 Ne8 17.e4 g6 18.Nf1 Ng7 19.Ng3 h5 20.Qc1 Qd8 21.Qe3 Bg5 22.Qd3 h4
23.Nf1 Nf6 24.Bc1 Nfh5 25.Bg4 f5 26.Bxh5 Nxh5 27.g3 Bc8 28.f3 Bxc1 29.Rxc1 hxg3
30.hxg3 Qg5 31.Rc2 Nxg3 32.Rg2 f4 33.Nxg3 fxg3 34.Ne2 Rh7 35.Rxg3 Qh4 36.Kf2 Bg4
37.Ng1 g5 38.Re3 Rf6 39.Qf1 Bd7 40.Qg2 g4 41.Ke2 Rg7 42.fxg4 Rxg4 43.Rxg4+ Bxg4+
44.Kd3 Kf7 45.Rg3 Rg6 46.Nf3  1/2-1/2

[Event "Eikrem mem"]
[Site "Gausdal"]
[Date "1996.??.??"]
[Round "1"]
[White "Ivanov, Mikhail M"]
[Black "Hansen, Torbjorn R"]
[Result "1-0"]
[WhiteElo "2465"]
[BlackElo "2080"]

1.Nf3 Nf6 2.c4 c5 3.Nc3 g6 4.d4 cxd4 5.Nxd4 Bg7 6.e4 Nc6 7.Be3 Ng4 8.Qxg4 Nxd4
9.Qd1 Ne6 10.Be2 b6 11.O-O O-O 12.Qd2 Bb7 13.Rad1 d6 14.Nd5 Nc5 15.f3 a5
16.b3 Rb8 17.Kh1 Re8 18.Rfe1 Bc6 19.Bf1 Qc8 20.Bg5 Qb7 21.Qf2 Ne6 22.Be3 b5
23.f4 b4 24.f5 Nc5 25.Bxc5 dxc5 26.e5 gxf5 27.Qxf5 Bxd5 28.cxd5 e6 29.dxe6 fxe6
30.Bc4 Kh8 31.Bxe6 Qe7 32.Bf7 Red8 33.Bd5 Rf8 34.Qh5 Rbd8 35.Be4 Bxe5 36.Rxd8 Rxd8
37.Bxh7 Qxh7 38.Qxe5+ Qg7 39.Qxc5 Qc3 40.Qh5+  1-0

[Event "Gausdal Masters"]
[Site "Gausdal"]
[Date "1996.??.??"]
[Round "3"]
[White "Ostenstad, Berge"]
[Black "Madsen, Dag"]
[Result "1-0"]
[WhiteElo "2470"]
[BlackElo "2325"]

1.c4 c5 2.Nf3 Nf6 3.Nc3 d5 4.cxd5 Nxd5 5.d4 cxd4 6.Qxd4 Nxc3 7.Qxc3 Nc6 8.e4 e6
9.Bb5 Bd7 10.O-O a6 11.Bg5 Qb6 12.Ba4 Qb4 13.Qc2 Be7 14.Rfd1 Bxg5 15.Nxg5 Qe7
16.Nf3 O-O 17.e5 Nb4 18.Qc7  1-0

[Event "Eikrem mem"]
[Site "Gausdal"]
[Date "1996.??.??"]
[Round "6"]
[White "Olafsson, Helgi"]
[Black "Hjartarson, Johann"]
[Result "1-0"]
[WhiteElo "2500"]
[BlackElo "2565"]

1.Nf3 Nf6 2.c4 c5 3.Nc3 e6 4.g3 b6 5.Bg2 Bb7 6.O-O d6 7.d4 cxd4 8.Qxd4 a6
9.Rd1 Be7 10.Ng5 Bxg2 11.Kxg2 Nc6 12.Qf4 O-O 13.b3 Ra7 14.Nf3 Rd7 15.Bb2 Qa8
16.Ne4 Ne8 17.Rac1 h6 18.g4 f5 19.gxf5 Rxf5 20.Qe3 Nd8 21.Kg1 Qb7 22.Rd3 Bf8
23.Rcd1 g5 24.Ne5 Rh7 25.Ng6 Nf7 26.Ng3  1-0

[Event "Landesliga Nord 9697 Bayern"]
[Site "Germany"]
[Date "1996.??.??"]
[Round "?"]
[White "Goetz, Andreas"]
[Black "Bucka, Reinhard"]
[Result "1-0"]
[WhiteElo "2060"]
[BlackElo "2110"]

1.Nf3 c5 2.c4 Nf6 3.Nc3 d5 4.cxd5 Nxd5 5.g3 Nc6 6.Bg2 Nc7 7.O-O g6 8.d3 Bg7
9.Na4 Qd6 10.Qc2 b6 11.Nd2 Rb8 12.Ne4 Qd7 13.Naxc5 bxc5 14.Nxc5 Nd4 15.Nxd7 Nxc2
16.Nxb8 Nxa1 17.Bf4 e5 18.Bd2 Nc2 19.Rc1 O-O 20.Rxc2 Bg4 21.Nd7 Rc8 22.Bb7 Rd8
23.Rxc7 Bxd7 24.Bd5 Be8 25.Bc4 e4 26.Bc3 exd3 27.exd3 a5 28.Bxa5 Bxb2 29.Rb7 Ra8
30.Bd2 Bg7 31.Bb3 h6 32.Bf4 g5 33.Rb8 Rxb8 34.Bxb8 Bb5 35.Bc2 Bc3 36.a4 Ba6
37.Bd6 Kg7 38.Kf1 f5 39.Ke2 Kf6 40.Bb3 Bd4 41.Bc4 Bb7 42.a5 Ba7 43.Bb4 f4
44.g4 Bd4 45.a6 Ba8 46.f3 Kg6 47.Be6 h5 48.h3 hxg4 49.hxg4 Kf6 50.Bc8 Bc6
51.Bb7 Bb5 52.Bc3  1-0

[Event "BL2-W9596"]
[Site "Germany"]
[Date "1996.??.??"]
[Round "?"]
[White "Meyer, Peter"]
[Black "Balster, Stefan"]
[Result "1/2-1/2"]
[WhiteElo "2335"]
[BlackElo "2290"]

1.Nf3 c5 2.c4 Nf6 3.Nc3 d5 4.cxd5 Nxd5 5.Qa4+ Nc6 6.Ne5 Nxc3 7.dxc3 Bd7 8.Nxd7 Qxd7
9.e4 a6 10.Bf4 e5 11.Be3 Rd8 12.Be2 Be7 13.O-O O-O 14.Qc2 b5 15.a4 Qb7 16.axb5 axb5
17.Qb3 Rb8 18.Rfd1 c4 19.Qc2 Ra8 20.h3 Rxa1 21.Rxa1 Rd8 22.b3 Nd4 23.Bxd4 exd4
24.bxc4 dxc3 25.Qxc3 Qxe4 26.Re1 b4 27.Bf3 bxc3 28.Bxe4  1/2-1/2

[Event "NRW-Liga I 9596"]
[Site "Germany"]
[Date "1996.??.??"]
[Round "?"]
[White "Hollermann, Thomas"]
[Black "Tomaszewski, Roman"]
[Result "1-0"]
[WhiteElo "2265"]
[BlackElo "2335"]

1.Nf3 Nf6 2.c4 c5 3.Nc3 d5 4.cxd5 Nxd5 5.g3 g6 6.Bg2 Bg7 7.O-O O-O 8.d3 Nxc3
9.bxc3 Bxc3 10.Rb1 Bg7 11.Be3 Na6 12.Qc1 Qc7 13.Bh6 Rb8 14.Bxg7 Kxg7 15.Qc3+ f6
16.Rfc1 b6 17.Nd4 Qd7 18.Nc6 Rb7 19.d4 Rc7 20.d5 e6 21.e4 exd5 22.exd5 Qd6
23.Qa3 Rff7 24.Nd4 Rcd7 25.Ne6+ Kg8 26.Nf4 Rfe7 27.Bh3 f5 28.Bf1 Nb8 29.Bb5 Rb7
30.h4 Re5 31.h5 g5 32.Nd3 Re4 33.Nb2 Rbe7 34.Nc4 Rxc4 35.Bxc4 Nd7 36.Re1 Rxe1+
37.Rxe1 Ne5 38.Qc3 Nxc4 39.Qxc4 Bb7 40.Qb5 Bxd5 41.Qe8+ Kg7 42.Re7+  1-0

[Event "NRW-Liga II 9596"]
[Site "Germany"]
[Date "1996.??.??"]
[Round "?"]
[White "Berg, D."]
[Black "Werbeck, Torsten"]
[Result "1-0"]
[WhiteElo "2290"]
[BlackElo "2265"]

1.c4 Nf6 2.Nc3 c5 3.Nf3 d5 4.cxd5 Nxd5 5.e4 Nb4 6.Bc4 Nd3+ 7.Ke2 Nf4+ 8.Kf1 Be6
9.Bb5+ Bd7 10.d4 cxd4 11.Nxd4 Ng6 12.Be3 e6 13.Qa4 Be7 14.Rd1 Ne5 15.Bf4 Bf6
16.Nf3 Nxf3 17.Bxb8 Nd4 18.Bxd7+ Qxd7 19.Qxd7+ Kxd7 20.e5 Raxb8  1-0